<?xml version="1.0" encoding="UTF-8"?>
<record
    xmlns:xsi="http://www.w3.org/2001/XMLSchema-instance"
    xsi:schemaLocation="http://www.loc.gov/MARC21/slim http://www.loc.gov/standards/marcxml/schema/MARC21slim.xsd"
    xmlns="http://www.loc.gov/MARC21/slim">

  <leader>00767nam a22002417a 4500</leader>
  <controlfield tag="003">UA-OsUOA</controlfield>
  <controlfield tag="001"> 21991 </controlfield>
  <controlfield tag="007">ta</controlfield>
  <controlfield tag="008">20031216b un ||||| |||| 00| 0 ukr d</controlfield>
  <datafield tag="090" ind1=" " ind2=" ">
    <subfield code="a">008(477)</subfield>
    <subfield code="b">&#x413;94</subfield>
  </datafield>
  <datafield tag="942" ind1=" " ind2=" ">
    <subfield code="c">BK</subfield>
  </datafield>
  <datafield tag="040" ind1=" " ind2=" ">
    <subfield code="a">UA-OsUOA</subfield>
    <subfield code="b">ukr</subfield>
    <subfield code="c">UA-OsUOA</subfield>
    <subfield code="d">UA-OsUOA</subfield>
  </datafield>
  <datafield tag="245" ind1=" " ind2=" ">
    <subfield code="a">&#x413;&#x443;&#x43C;&#x430;&#x43D;&#x456;&#x437;&#x43C; &#x456; &#x434;&#x443;&#x445;&#x43E;&#x432;&#x43D;&#x456;&#x441;&#x442;&#x44C; &#x443; &#x43A;&#x43E;&#x43D;&#x442;&#x435;&#x43A;&#x441;&#x442;&#x456; &#x43A;&#x443;&#x43B;&#x44C;&#x442;&#x443;&#x440;&#x438;</subfield>
    <subfield code="b">&#x414;&#x443;&#x445;&#x43E;&#x432;&#x43D;&#x456;&#x441;&#x442;&#x44C; &#x43D;&#x430;&#x446;&#x456;&#x43E;&#x43D;&#x430;&#x43B;&#x44C;&#x43D;&#x43E;&#x457; &#x43A;&#x443;&#x43B;&#x44C;&#x442;&#x443;&#x440;&#x438;. &#x414;&#x443;&#x445;&#x43E;&#x432;&#x43D;&#x456;&#x441;&#x442;&#x44C; &#x456; &#x433;&#x435;&#x43D;&#x435;&#x437;&#x430; &#x43E;&#x441;&#x43E;&#x431;&#x438;&#x441;&#x442;&#x43E;&#x441;&#x442;&#x456;</subfield>
    <subfield code="c">&#x420;&#x435;&#x434;. &#x422;.&#x411;&#x456;&#x43B;&#x435;&#x43D;&#x43A;&#x43E; &#x412;.&#x421;&#x43A;&#x43E;&#x442;&#x43D;&#x438;&#x439; &#x412;.&#x417;&#x434;&#x43E;&#x440;&#x43E;&#x432;&#x435;&#x43D;&#x43A;&#x43E;</subfield>
  </datafield>
  <datafield tag="300" ind1=" " ind2=" ">
    <subfield code="a">263 &#x441;.</subfield>
  </datafield>
  <datafield tag="955" ind1=" " ind2=" ">
    <subfield code="a">0</subfield>
  </datafield>
  <datafield tag="041" ind1=" " ind2=" ">
    <subfield code="a">ukr</subfield>
  </datafield>
  <datafield tag="080" ind1=" " ind2=" ">
    <subfield code="a">008(477)</subfield>
  </datafield>
  <datafield tag="260" ind1=" " ind2=" ">
    <subfield code="a">&#x414;&#x440;&#x43E;&#x433;&#x43E;&#x431;&#x438;&#x447;</subfield>
    <subfield code="c">1995</subfield>
  </datafield>
  <datafield tag="246" ind1="3" ind2="1">
    <subfield code="a">&#x41A;&#x43D;.2</subfield>
    <subfield code="n"></subfield>
  </datafield>
  <datafield tag="044" ind1=" " ind2=" ">
    <subfield code="a">UA</subfield>
  </datafield>
  <datafield tag="650" ind1=" " ind2="7">
    <subfield code="2">UDC</subfield>
  </datafield>
  <datafield tag="999" ind1=" " ind2=" ">
    <subfield code="c">308201</subfield>
    <subfield code="d">308201</subfield>
  </datafield>
  <datafield tag="952" ind1=" " ind2=" ">
    <subfield code="0">0</subfield>
    <subfield code="1">0</subfield>
    <subfield code="2">udc</subfield>
    <subfield code="4">0</subfield>
    <subfield code="7">0</subfield>
    <subfield code="a">102</subfield>
    <subfield code="b">102</subfield>
    <subfield code="d">2003-12-16</subfield>
    <subfield code="g">3.00</subfield>
    <subfield code="i">62139</subfield>
    <subfield code="l">0</subfield>
    <subfield code="o">008(477) &#x413;94</subfield>
    <subfield code="p">62139</subfield>
    <subfield code="r">2022-02-09 00:00:00</subfield>
    <subfield code="w">2003-12-16</subfield>
    <subfield code="y">BK</subfield>
  </datafield>
  <datafield tag="952" ind1=" " ind2=" ">
    <subfield code="0">0</subfield>
    <subfield code="1">0</subfield>
    <subfield code="2">udc</subfield>
    <subfield code="4">0</subfield>
    <subfield code="7">0</subfield>
    <subfield code="a">102</subfield>
    <subfield code="b">102</subfield>
    <subfield code="d">2003-12-16</subfield>
    <subfield code="g">3.00</subfield>
    <subfield code="i">62140</subfield>
    <subfield code="l">0</subfield>
    <subfield code="o">008(477) &#x413;94</subfield>
    <subfield code="p">62140</subfield>
    <subfield code="r">2022-02-09 00:00:00</subfield>
    <subfield code="w">2003-12-16</subfield>
    <subfield code="y">BK</subfield>
  </datafield>
</record>
